000 00669nam a2200229Ia 4500
001 dia_3037
003 CHAP
005 20251021144517.0
008 220117s xx 000 0 und d
010 _a173542
040 _cCHAP
082 _a728.6 G3
100 _aGarcia Vaquero Vaquero, Emilio
_946699
245 _aDiseño y Construcción de Industrias Agroalimentarias /
_c por Emilio Garcia Vaquero Vaquero
260 _aMadrid,Mundi- Prensa
_c
300 _a438P.
650 _a1.Construcciones rurales
_9151530
901 _a728.6 G3
902 _aM
905 _a000000 0000000000 00
942 _cLIBRO
_2ddc
999 _c173542
_d173542